Análisis dinámico no lineal de sistemas vibratorios de un grado de libertad

Gespeichert in:
Bibliographische Detailangaben
1. Verfasser: Vilaplana Roig, Daniel F
Format: Buch
Veröffentlicht: San José, Costa Rica 1979
Schlagworte:
Tags: Tag hinzufügen
Keine Tags, Fügen Sie den ersten Tag hinzu!

MARC

LEADER 00000nam a2200000Ia 4500
003 005328
005 20221231144325.0
008 140114s1979 cr a m 000 ||s d
040 |c cru CEDI 
090 |a TFG 2536 
100 |a Vilaplana Roig, Daniel F  |9 12591 
245 |a Análisis dinámico no lineal de sistemas vibratorios de un grado de libertad  
260 |c 1979  |a San José, Costa Rica 
300 |a  52 hojas : ilustraciones ; 28 cm  
500 |a  Tesis (ingeniero civil) --Universidad de Costa Rica.  
650 |x VIBRACION (INGENIERIA)  |9 12592 
942 |c TFG 
999 |c 20171  |d 20171